Video Games That Start With K - Statistics

General Stats
  • This quiz has been taken 79 times
  • The average score is 4 of 8
Answer Stats
Hint Game % Correct
Young boy is chosen to wield a weapon designed for battling darkness. Think of it as the love child between Disney and Final Fantasy. Kingdom Hearts
89%
Gluttonous penguin-like king has stolen all of the food from his kingdom's inhabitants, and it's up to a pink puffball to retrieve the food. Kirby's Dream Land
85%
Using a terrible motion-control system for the Xbox 360, compete with your friends in various real-life sports. Kinect Sports
65%
Diminutive prince must rebuild stars, constellations, and the Moon by rolling a ball. Katamari Damacy
40%
Angel must equip three sacred treasures to rescue the goddess of light from imprisonment by Medusa. Kid Icarus
39%
Play as a velociraptor, a sword-wielding skeleton, an ice creature, and more in this combo-breaking fighting game. Killer Instinct
39%
After nuclear war rendered much of the Earth uninhabitable in the future, a high-ranking officer must battle invading forces to take control of a new planet. Killzone
13%
Just sing a popular song into a microphone and you can get points. Karaoke Revolution
8%
No matching quizzes found
Score Distribution
Percent of People with Each Score
Percentile by Number Answered
Your Score History
You have not taken this quiz